LEADER 03346oam 2200649I 450 001 9910461411903321 005 20181122172242.0 010 $a0-429-90873-3 010 $a0-429-48396-1 010 $a1-280-12565-9 010 $a9786613529510 010 $a1-84940-959-5 035 $a(CKB)2670000000151292 035 $a(EBL)860789 035 $a(OCoLC)777375524 035 $a(SSID)ssj0000642026 035 $a(PQKBManifestationID)11941667 035 $a(PQKBTitleCode)TC0000642026 035 $a(PQKBWorkID)10646962 035 $a(PQKB)10164153 035 $a(MiAaPQ)EBC860789 035 $a(Au-PeEL)EBL860789 035 $a(CaPaEBR)ebr10535740 035 $a(CaONFJC)MIL352951 035 $a(OCoLC)1029248532 035 $a(FlBoTFG)9780429483967 035 $a(EXLCZ)992670000000151292 100 $a20181122h20182012 uy 0 101 0 $aeng 135 $aur||| ||||| 181 $ctxt 182 $cc 183 $acr 200 10$aThinking of Becoming a Counsellor? /$fby Jonathan Ingrams 205 $aFirst edition. 210 1$aBoca Raton, FL :$cRoutledge,$d[2018]. 210 4$dİ2012. 215 $a1 online resource (177 p.) 300 $aDescription based upon print version of record. 311 $a0-367-10091-6 311 $a1-78049-016-X 320 $aIncludes bibliographical references and index. 327 $aCOVER; CONTENTS; ABOUT THE AUTHOR; INTRODUCTION; CHAPTER ONE Beginnings; CHAPTER TWO The age of psychoanalysis; CHAPTER THREE The impact of childhood; CHAPTER FOUR The road to self-discovery; CHAPTER FIVE How we construct our world; CHAPTER SIX Inter-relationships; CHAPTER SEVEN The power of conditioning; CHAPTER EIGHT Automatic thoughts and irrational beliefs; CHAPTER NINE The counselling environment today; CONCLUSION; SUGGESTED READING; INDEX 330 3 $aIf you are thinking of becoming a counsellor, you may be wondering if you could put to good use your own life experience by offering support and understanding to those trying to cope with difficulties that you may have encountered and worked through yourself. The ancient Greek aphorism "know thyself" is immensely important in this regard. For unless counsellors are in harmony with themselves they cannot truly relate to the needs of those they seek to help. It is not enough for the counsellor to play the role of the therapist. He or she has to be the therapist - a very different concept. This book explores the journeys of self-discovery that prompted the pioneering practitioners to direct their skills in particular ways and the influence exerted by their backgrounds, ambitions, and personal histories. The overall objective is to help intending therapists to arrive at an understanding of the inner resources they will need to embark on a counselling career, and to help them determine which approach might best accord with their temperament and lifetime's experience. 606 $aPsychology$xVocational guidance 608 $aElectronic books. 615 0$aPsychology$xVocational guidance. 676 $a158.3 676 $a158.3071 676 $a616.8914 700 $aIngrams$b Jonathan$0879834 801 0$bFlBoTFG 801 1$bFlBoTFG 906 $aBOOK 912 $a9910461411903321 996 $aThinking of Becoming a Counsellor$91964676 997 $aUNINA LEADER 03830nam 22009735 450 001 9910957091803321 005 20240313211014.0 010 $a9786611362683 010 $a9781281362681 010 $a1281362689 010 $a9780230603370 010 $a0230603378 024 7 $a10.1057/9780230603370 035 $a(CKB)1000000000342457 035 $a(EBL)307610 035 $a(OCoLC)475228802 035 $a(SSID)ssj0000276958 035 $a(PQKBManifestationID)11234760 035 $a(PQKBTitleCode)TC0000276958 035 $a(PQKBWorkID)10233738 035 $a(PQKB)11237832 035 $a(DE-He213)978-0-230-60337-0 035 $a(MiAaPQ)EBC307610 035 $a(Au-PeEL)EBL307610 035 $a(CaPaEBR)ebr10171527 035 $a(CaONFJC)MIL136268 035 $a(PPN)232614067 035 $a(Perlego)3505906 035 $a(EXLCZ)991000000000342457 100 $a20151222d2007 u| 0 101 0 $aeng 135 $aur|n|---||||| 181 $ctxt 182 $cc 183 $acr 200 10$aArab American Literary Fictions, Cultures, and Politics /$fby S. Salaita 205 $a1st ed. 2007. 210 1$aNew York :$cPalgrave Macmillan US :$cImprint: Palgrave Macmillan,$d2007. 215 $a1 online resource (209 p.) 225 1 $aAmerican Literature Readings in the 21st Century,$x2634-5803 300 $aDescription based upon print version of record. 311 08$a9781349536870 311 08$a1349536873 311 08$a9781403976208 311 08$a1403976201 320 $aIncludes bibliographical references (p. [181]-191) and index. 327 $aCover; Contents; Preface; Acknowledgments; Introduction: Searching Diversities: Observations of an Arab Ex-Student; 1 Problems of Inclusion: Arab American Studies and Ambiguous States of Being; 2 The Internationalization of the Nation: The Uses of the Lebanese Civil War in Arab American Fiction; 3 Honesty Lost: The Strange Circumstances of Love, Death, and Norma Khouri; 4 Escaping Inadequate Spaces: Anti-Arab Racism and Liberating Fictions; Conclusion: Multicultural and Monocultural Disjunctions; Notes; Bibliography; Index 330 $aN.B. this is a 'Palgrave to Order' title. Stock of this book requires shipment from overseas. It will be delivered to you within 12 weeks. Using literary and social analysis, this book examines a range of modern Arab American literary fiction and illustrates how socio-political phenomena have affected the development of the Arab American novel. 410 0$aAmerican Literature Readings in the 21st Century,$x2634-5803 606 $aLiterature$xPhilosophy 606 $aCulture$xStudy and teaching 606 $aAmerica$xLiteratures 606 $aLiterature 606 $aEthnology$zMiddle East 606 $aCulture 606 $aLiterature, Modern$y20th century 606 $aLiterary Theory 606 $aCultural Theory 606 $aNorth American Literature 606 $aWorld Literature 606 $aMiddle Eastern Culture 606 $aTwentieth-Century Literature 615 0$aLiterature$xPhilosophy. 615 0$aCulture$xStudy and teaching. 615 0$aAmerica$xLiteratures. 615 0$aLiterature. 615 0$aEthnology 615 0$aCulture. 615 0$aLiterature, Modern 615 14$aLiterary Theory. 615 24$aCultural Theory. 615 24$aNorth American Literature. 615 24$aWorld Literature. 615 24$aMiddle Eastern Culture. 615 24$aTwentieth-Century Literature. 676 $a813.0098927073 700 $aSalaita$b Steven$f1975-$0719668 801 0$bMiAaPQ 801 1$bMiAaPQ 801 2$bMiAaPQ 906 $aBOOK 912 $a9910957091803321 996 $aArab American literary fictions, cultures and politics$91397591 997 $aUNINA